Ligne 1 RTM : bus marseillais - Statistiques

Statistiques générales
  • Ce quiz a été pris 6 fois
  • Le résultat moyen est 9 sur 14
Statistiques - réponses
Indice Arrêt % Correct
©5 Château Gombert
100%
©B3b-3-4/b-5-11-27-42/t-142-143-144 Métro la Rose
100%
©5 Palama Château Gombert
83%
Bara Bessons
67%
Bara Prats
67%
©11 Collège Malraux
67%
Einstein Monnet
67%
Einstein Parking Relais
67%
Place des Héros
67%
©3-5-11-42/t Val Plan
67%
Bara Val de Gray
50%
©B3B Les Vieux Cyprès
50%
Bara la Croix
33%
Einstein Athéna
33%
Aucun quiz correspondant
Distribution des résultats
% des personnes avec chaque résultat
Percentile par nombre de réponses
Votre historique - résultats
Vous n’avez pas pris ce quiz